Регионална библиотека "Любен Каравелов" - Русе

Ланселот, рицаря на каруцата (Запис номер 153385)

MARC детайли
000 -Лидер
Контролно поле с фиксирана дължина 01817nam a2200337 c 4500
003 - Код на организацията, давaща контролен номер
Контролно поле BLK
005 - Дата и час на последна редакция
Контролно поле 20230411132259.0
008 - Елементи от данни с фиксирана дължина
fixed length control field 180410b bul|||||r ||||||| ||bul||
010 ## - Наследен системен номер
LC control number KNG00159915000
040 ## - Източник на каталожния запис
Идентификатор на билиотеката - собственик на записа BLK
041 ## - Код за език
Код за езика на текст/звукозапис или на отделно заглавие Български
Код за езика КДБФ Български
080 ## - УДК
Текстов определител УДК Френска литература
УДК код - определител по УДК 821.133.1
УДК определител -1
УДК - код + определител 821.133.1-1
100 1# - Редна дума - Автор
Автор Кретиен дьо Троа
Авторска отговорност първи автор
R(LIN) 256294
139 ## - Редно поле
Редна дума Кретиен дьо Троа
Авторски знак Кре - К 90
245 10 - Сведения за заглавието
Заглавие Ланселот, рицаря на каруцата
Подзаглавни данни Роман в стихове
Редно поле (дума) Кретиен дьо Троа; прев. от старофр. Стефан Бъчваров; прев. от старофр. Валентин Маринов; прев. на стиховете Димитър Стефанов; предг. от Симеон Дончев Хаджикосев.
257 ## - Страна на издаване
Страна на създаване/издаване Франция
260 ## - Област на издателските данни
Място на издаване, разпространение и проч. София
Име на издателя, разпространителя и проч. Нар. култура
Година на издаване 1986
300 ## - Физическа характеристика
Страници 224 с.
Размери/Мащаб 21 см
380 ## - Жанр
Жанр Худож. лит.
490 ## - СЕРИИ (Колекции)
Име на серия Библиотека за европейска средновековна литература Ариел
9 (RLIN) 204427
500 ## - Общи забележки
Забележка Ориг. загл. Lancelot ou le chevalier a la charrett / Chrestien de Troyes.
700 1# - Други автори (авторска отговорност)
Лично име Бъчваров, Стефан
Автороска отговорност (Описва отношението между автора и произведението) прев. от старофр.
9 (RLIN) 367371
700 1# - Други автори (авторска отговорност)
Лично име Маринов, Валентин
Автороска отговорност (Описва отношението между автора и произведението) прев. от старофр.
9 (RLIN) 364144
700 1# - Други автори (авторска отговорност)
Лично име Стефанов, Димитър
Автороска отговорност (Описва отношението между автора и произведението) прев. на стиховете
Друга информация Бъчваров, Димитър Стефанов
9 (RLIN) 363780
700 1# - Други автори (авторска отговорност)
Лично име Хаджикосев, Симеон Дончев
Автороска отговорност (Описва отношението между автора и произведението) предг. от
9 (RLIN) 363366
852 ## - Местоположение
Форматна сигнатура Цб 142845
856 4# - Електронен адрес и достъп
Електронен формат pdf - файл
Инструкция (цена за достъп) 0.00
Права за достъп disable
856 4# - Електронен адрес и достъп
Електронен формат pdf - файл
Инструкция (цена за достъп) 0.00
Права за достъп disable
999 ## - СИСТЕМНИ КОНТРОЛНИ НОМЕРА
Koha biblionumber 153385
Koha biblioitemnumber 153385
942 ## - АРТИКУЛИ
Вид на библиотечния материал Книги
Скрит в OPAC Не
Koha issues (borrowed), all copies 1
Периодичен библиозапис Да
944 ## - СЪЗДАВАНЕ И РЕДАКЦИЯ на ЗАПИСА
Създаване/Редакция Създаване
Дата на регистрацията/редакция 17.04.2014
Статус, дата на статуса 17.04.2014 - от С1,Р / 17.04.2014
Служител, извършил регистрацията/редакцията Ева_Петрова
944 ## - СЪЗДАВАНЕ И РЕДАКЦИЯ на ЗАПИСА
Създаване/Редакция Редакция
Дата на регистрацията/редакция 01.03.2018
Статус, дата на статуса 17.04.2014 - от С1,Р / 17.04.2014
Служител, извършил регистрацията/редакцията Теодора_Стоянова
999 ## - СИСТЕМНИ КОНТРОЛНИ НОМЕРА
Koha biblioitemnumber 153385
Наличности
Код за отписване Код за изгубен артикул Източник на класификационната схема Код за повреда Коз за рестрикции Код за отдаване Артикулен № Име на библиотеката - собственик Име на библиотеката, в която се намира в момента Статус (Текущо местоположение) Дата на вписване в системата Местоположение - отдел Цена в лева Инвентарен номер Систематично азбучна сигнатура Баркод Номер на екземпляра Цена в евро Служебна бележка Служебен тип на артикула
  Не е изгубен Universal Decimal Classification Не е повреден само за читалня ползва се в читалня 256716 Регионална библиотека "Любен Каравелов" Русе Регионална библиотека "Любен Каравелов" Русе Хранилище 1986-01-01 Хранилище 3.00 451623 Цб 142845 120000451623 1 1.53 N: стар фонд Дата: 01.01.1986 Книги
Изтеглен Не е изгубен Universal Decimal Classification Не е повреден без рестрикции заемане за дома 256717 Регионална библиотека "Любен Каравелов" Русе Регионална библиотека "Любен Каравелов" Русе Заемна - подръчен фонд 1986-01-01 Заемна - подръчен фонд 2.60 458751 П 840-1/К 90 458751 2 1.33 N: стар фонд Дата: 01.01.1986 Дата инв: 12.02.2018 Бележки инв: П2018 Книги
Изтеглен Не е изгубен Universal Decimal Classification Не е повреден без рестрикции заемане за дома 256718 Регионална библиотека "Любен Каравелов" Русе Регионална библиотека "Любен Каравелов" Русе Заемна - подръчен фонд 1986-01-01 Заемна - подръчен фонд 2.60 458752 П 840-1/К 90 458752 3 1.33 N: стар фонд Дата: 01.01.1986 Дата инв: 12.02.2018 Бележки инв: П2018 Книги
  Не е изгубен Universal Decimal Classification Не е повреден без рестрикции заемане за дома 256719 Регионална библиотека "Любен Каравелов" Русе Регионална библиотека "Любен Каравелов" Русе Заемна - подръчен фонд 1986-01-01 Заемна - подръчен фонд 2.60 458754 П 840-1/К 90 120000458754 4 1.33 N: стар фонд Дата: 01.01.1986 Дата инв: 12.02.2018 Бележки инв: П2018 Книги
Изтеглен Не е изгубен Universal Decimal Classification Не е повреден без рестрикции заемане за дома 256720 Регионална библиотека "Любен Каравелов" Русе Регионална библиотека "Любен Каравелов" Русе Заемна - подръчен фонд 1986-01-01 Заемна - подръчен фонд 2.60 458755 П 840-1/К 90 458755 5 1.33 N: стар фонд Дата: 01.01.1986 Дата инв: 12.02.2018 Бележки инв: П2018 Книги
Изтеглен Не е изгубен Universal Decimal Classification Не е повреден без рестрикции заемане за дома 256721 Регионална библиотека "Любен Каравелов" Русе Регионална библиотека "Любен Каравелов" Русе Заемна - подръчен фонд 1986-01-01 Заемна - подръчен фонд 3.00 634762 П 840-1/К 90 634762 6 1.53 N: стар фонд Дата: 01.01.1986 Дата инв: 01.03.2018 Бележки инв: П2018 Книги
Vip Innovations Ltd, Rousse, Bulgaria 2025